Medical update the World Book family health annual.

Bibliographic Details
Corporate Author: World Book, Inc
Format: Electronic Serial
Language:English
Published: Chicago : World Book-Childcraft International, ©1981-
Subjects:
Online Access:Full text available from Research Library: 06/01/1998 to 05/31/2005

MARC

LEADER 00000nas a2200000 a 4500
001 ssj0005853
003 WaSeSS
005 20200512172242.0
006 m d
007 cr n
008 820128c19829999iluar s 0 a0eng d
010 |a  84643091   |z sn 82002357  
022 |l 0732-0183  |y 0732-0183 
035 |a (WaSeSS)ssj0005853 
037 |b World Book, Inc., Merchandise Mart Plaza, Chicago, IL 60654 
040 |a LSM  |b eng  |c LSM  |d NSD  |d DLC  |d OCLCQ  |d OCLCF  |d OCLCO  |d EUW  |d OCLCO  |d CUS  |d OCLCQ  |d WaSeSS 
042 |a nsdp 
050 1 0 |a RC81.A1  |b M43 
082 0 4 |a 610/.5  |2 19 
130 0 |a Medical update (Chicago, Ill.) 
210 0 |a Med. update  |b (Chicago, Ill.) 
222 0 |a Medical update  |b (Chicago, Ill.) 
245 1 0 |a Medical update  |h [electronic resource] :  |b the World Book family health annual. 
260 |a Chicago :  |b World Book-Childcraft International,  |c ©1981- 
310 |a Annual 
362 0 |a 1982- 
506 |a License restrictions may limit access. 
650 0 |a Medicine, Popular  |v Periodicals. 
650 7 |a Medicine, Popular.  |2 fast  |0 (OCoLC)fst01015319 
655 0 |a Electronic journals. 
710 2 |a World Book, Inc. 
856 4 0 |z Full text available from Research Library: 06/01/1998 to 05/31/2005  |u https://search.proquest.com/publication/30020